25 casos empresariales : (Registro nro. 6343)

Detalles MARC
000 -LEADER
fixed length control field 00912nam a2200205Ia 4500
003 - CONTROL NUMBER IDENTIFIER
control field OSt
005 - DATE AND TIME OF LATEST TRANSACTION
control field 20201015130510.0
008 - FIXED-LENGTH DATA ELEMENTS--GENERAL INFORMATION
fixed length control field 191128s2008 ck ad gr 000 0 spa d
040 ## - CATALOGING SOURCE
Original cataloging agency CO-JMCR
Transcribing agency CO-JMCR
041 0# - LANGUAGE CODE
Language code of text/sound track or separate title spa
082 04 - DEWEY DECIMAL CLASSIFICATION NUMBER
Classification number 658.40 /
Item number S232c
Edition number 23
100 1# - MAIN ENTRY--PERSONAL NAME
Personal name Santamaría Daza, Ricardo,
Relator term autor
9 (RLIN) 11566
245 #0 - TITLE STATEMENT
Title 25 casos empresariales :
Remainder of title 2007 /
Statement of responsibility, etc. Ricardo Santamaría Daza
260 ## - PUBLICATION, DISTRIBUTION, ETC.
Place of publication, distribution, etc. Bogotá :
Name of publisher, distributor, etc. El globo,
Date of publication, distribution, etc. 2008.
300 ## - PHYSICAL DESCRIPTION
Extent 204 páginas :
Other physical details ilustraciones, gráficos a blanco y negro
Dimensions 21 cm.
505 0# - FORMATTED CONTENTS NOTE
Formatted contents note Ecopetrol: oro negro marca historia en la BVC -- Casino: plena confianza para invertir -- Ceet: reacomodo en los medios de comunicación -- Porpal: alistándose para el nuevo siglo -- Gran Estación: modelo de reinserción laboral
650 24 - SUBJECT ADDED ENTRY--TOPICAL TERM
Topical term or geographic name entry element Administración de empresas
Chronological subdivision 2007
Geographic subdivision Colombia
9 (RLIN) 11567
650 24 - SUBJECT ADDED ENTRY--TOPICAL TERM
Topical term or geographic name entry element Estudio de casos
General subdivision Empresas
Chronological subdivision 2007
Geographic subdivision Colombia
9 (RLIN) 11576
942 ## - ADDED ENTRY ELEMENTS (KOHA)
Source of classification or shelving scheme Dewey Decimal Classification
Koha item type Books
Existencias
Withdrawn status Lost status Source of classification or shelving scheme Materials specified (bound volume or other part) Damaged status Not for loan Home library Current library Shelving location Date acquired Source of acquisition Full call number Barcode Date last seen Copy number Price effective from Koha item type
    Dewey Decimal Classification Donación--01/12/2018--     Biblioteca Pública José María del Castillo y Rada Biblioteca Pública José María del Castillo y Rada General Stacks 11/28/2019 Donación 658.40 / S232c 430012490 05/16/2024 Ej.1 11/28/2019 Books